Chicago Cubs Managers by Picture - Statistics

General Stats
  • This quiz has been taken 38 times
  • The average score is 13 of 61
Answer Stats
Picture Hint Answer % Correct
2015-2019 Joe Maddon
93%
2020-2023 David Ross
81%
2024-Present Craig Counsell
78%
2003-2006 Dusty Baker
78%
1988-1991 Don Zimmer
74%
2007-2010 Lou Piniella
74%
2000-2002 Don Baylor
63%
1930-1932 Rogers Hornsby
48%
1966-1972 Leo Durocher
37%
1984-1986 Jim Frey
33%
1995-1999 Jim Riggleman
33%
1982-1983 Lee Elia
33%
2012-2013 Dale Sveum
30%
1905-1912 Frank Chance
30%
1986-1987 Gene Michael
30%
1913 | 1921 Johnny Evers
30%
1879 | 1880-1897 Cap Anson
26%
1983 Charlie Fox
22%
1941-1944 Jimmie Wilson
22%
1916 Joe Tinker
22%
1980 Preston Gómez
22%
1987 Frank Lucchesi
19%
1986 John Vukovich
19%
1954-1956 Stan Hack
19%
1972-1974 Whitey Lockman
19%
1932-1938 | 1944-1949 | 1960 Charlie Grimm
15%
1977-1979 Herman Franks
15%
1992-1993 Jim Lefebvre
15%
1926-1930 Joe McCarthy
15%
2014 Rick Renteria
15%
1915 Roger Bresnahan
15%
1994 Tom Trebelhorn
15%
1876-1877 Albert Spalding
11%
1938-1940 Gabby Hartnett
11%
1979 | 1980-1981 Joey Amalfitano
11%
1960 Lou Boudreau
11%
2010-2011 Mike Quade
11%
1951-1953 Phil Cavarretta
11%
1963-1965 Bob Kennedy
7%
1949-1951 Frankie Frisch
7%
1974-1976 Jim Marshall
7%
1991 Joe Altobelli
7%
1925 Rabbit Maranville
7%
2002 Rene Lachemann
7%
1921-1925 Bill Killefer
4%
1878 Bob Ferguson
4%
1957-1959 Bob Scheffing
4%
2002 Bruce Kimm
4%
1962 Charlie Metro
4%
1961 | 1961 | 1961-1962 El Tappe
4%
1902-1905 Frank Selee
4%
1917-1920 Fred Mitchell
4%
1925 George Gibson
4%
1914 Hank O'Day
4%
1961 | 1961 Harry Craft
4%
1991 Jim Essian
4%
1961 | 1962 | 1965 Lou Klein
4%
1944 Roy Johnson
4%
1879 Silver Flint
4%
1900-1901 Tom Loftus
4%
1961 | 1961 | 1961 Vedie Himsl
4%
No matching quizzes found
Score Distribution
Percent of People with Each Score
Percentile by Number Answered
Your Score History
You have not taken this quiz